000 00419nam a2200133Ia 4500
008 100328s9999 xx 000 0 und d
082 _b44581
100 _aशिरवाडकर वसंत
245 _aस्फूर्तिचित्रे
260 _bपृथ्वी
630 _aस्फूर्तिचित्रे
730 _aस्फूर्तिचित्रे
942 _cBOOK
999 _c532846
_d532843